Stolice z najdłuższą nazwą - Statystyki

Ogólne statystyki
  • Ten quiz został rozwiązany 19 razy
  • Średni wynik to 11 z 28
Statystyki odpowiedzi
Litery Stolica Kontynent % Poprawnych
10 Waszyngton
77%
12 Antananarywa
69%
11 Buenos Aires
62%
11 Kuala Lumpur
62%
24 Sri Dźajawardanapura Kotte
62%
10 Luksemburg
46%
10 Montevideo
46%
11 Port Moresby
46%
11 Port-of-Spain
46%
12 Santo Domingo
46%
10 Wellington
46%
12 Port-au-Prince
38%
11 Tegucigalpa
38%
17 Bandar Seri Begawan
31%
12 Bloemfontein
31%
10 Bratysława
31%
11 Brazzaville
31%
10 Georgetown
31%
10 Jerozolima
31%
10 Libreville
31%
10 Paramaribo
31%
12 Saint George's
31%
11 San Salvador
31%
10 Addis Abeba
23%
10 Bridgetown
23%
10 Saint John’s
23%
13 Ciudad de la Paz
15%
10 Basseterre
8%
Nie znaleziono quizów pasujących do podanych kryteriów
Rozkład punktacji
Procent ludzi z każdym wynikiem
Percentyl według liczby udzielonych odpowiedzi
Twoja historia wyników
Nie rozwiązałeś tego quizu